Исследование кинетики электроосаждения никель-фосфорных сплавов: автореферат диссертации на соискание ученой степени кандидата химических наук; спец. 05.17.03

Detaylı Bibliyografya
Yazar: Попов В. И. Владимир Иванович
Müşterek Yazar: Уральский политехнический институт им. С. М. Кирова
Diğer Yazarlar: Вахидов Р. С. (научный руководитель)
Özet:Защита сост. 4.03.1974 г.
Dil:Rusça
Baskı/Yayın Bilgisi: Свердловск, [Б. и.], 1974
Konular:
Materyal Türü: Kitap
KOHA link:https://koha.lib.tpu.ru/cgi-bin/koha/opac-detail.pl?biblionumber=335836

MARC

LEADER 00000nam0a2200000 4500
001 335836
005 20231102004808.0
035 |a (RuTPU)RU\TPU\book\362248 
090 |a 335836 
100 |a 20171004d1974 k y0rusy50 ca 
101 0 |a rus 
102 |a RU 
105 |a a dm 001zy 
200 1 |a Исследование кинетики электроосаждения никель-фосфорных сплавов  |e автореферат диссертации на соискание ученой степени кандидата химических наук  |e спец. 05.17.03  |f В. И. Попов  |g Уральский политехнический институт им. С. М. Кирова ; науч. рук. Р. С. Вахидов 
210 |a Свердловск  |c [Б. и.]  |d 1974 
215 |a 24 с.  |c ил. 
300 |a Защита сост. 4.03.1974 г. 
320 |a Библиогр.: с. 23-24 (8 назв.) 
606 1 |a Электроосаждение  |2 stltpush  |3 (RuTPU)RU\TPU\subj\20627  |9 45719 
610 1 |a никель-фосфорные сплавы 
610 1 |a кинетика 
610 1 |a суммарные катодные реакции 
610 1 |a автоколебания 
610 1 |a закономерности 
610 1 |a авторефераты диссертаций 
610 1 |a библиотека А. Г. Стромберга 
675 |a 621.359(04)  |v 4 
686 |a 05.17.03  |2 oksvnk 
700 1 |a Попов  |b В. И.  |g Владимир Иванович 
702 1 |a Вахидов  |b Р. С.  |4 727 
712 0 2 |a Уральский политехнический институт им. С. М. Кирова  |c (Свердловск)  |c (1948-1992)  |2 stltpush  |3 (RuTPU)RU\TPU\col\1982  |9 23638 
801 1 |a RU  |b 63413507  |c 20171004 
801 2 |a RU  |b 63413507  |c 20180124  |g RCR 
942 |c BK